[Event "Biel Chess Festival Master Tournament"]
[Site "Biel/Bienne, Switzerland"]
[Date "2019.07.30"]
[Round "8.6"]
[White "Erdos, Viktor"]
[Black "Moussard, Jules"]
[Result "1/2-1/2"]
[WhiteElo "2607"]
[BlackElo "2729"]

1. e4 {[%clk 01:27:21]} {[%emt 00:00:03]} c5 {[%clk 01:28:25]} {[%emt
00:02:35]} 2. Nf3 {[%clk 01:27:17]} {[%emt 00:00:34]} e6 {[%clk 01:27:45]}
{[%emt 00:01:11]} 3. c4 {[%clk 01:22:25]} {[%emt 00:05:22]} a6 {[%clk
01:25:22]} {[%emt 00:02:54]} 4. Nc3 {[%clk 01:22:34]} {[%emt 00:00:20]} d6
{[%clk 01:24:41]} {[%emt 00:01:11]} 5. d4 {[%clk 01:17:50]} {[%emt 00:05:14]}
cxd4 {[%clk 01:25:01]} {[%emt 00:00:09]} 6. Nxd4 {[%clk 01:18:17]} {[%emt
00:00:03]} Nf6 {[%clk 01:24:43]} {[%emt 00:00:49]} 7. Be2 {[%clk 01:18:18]}
{[%emt 00:00:28]} Be7 {[%clk 01:22:52]} {[%emt 00:02:21]} 8. O-O {[%clk
01:18:42]} {[%emt 00:00:07]} Qc7 {[%clk 01:21:25]} {[%emt 00:01:57]} 9. Be3
{[%clk 01:18:57]} {[%emt 00:00:15]} Nbd7 {[%clk 01:21:12]} {[%emt 00:00:42]} 10.
Rc1 {[%clk 01:13:33]} {[%emt 00:05:54]} b6 {[%clk 01:19:05]} {[%emt 00:02:37]}
11. Qd2 {[%clk 01:08:57]} {[%emt 00:05:07]} Bb7 {[%clk 01:15:39]} {[%emt
00:03:55]} 12. f3 {[%clk 01:09:14]} {[%emt 00:00:13]} O-O {[%clk 01:13:41]}
{[%emt 00:02:28]} 13. Rfd1 {[%clk 01:06:45]} {[%emt 00:02:59]} Rac8 {[%clk
01:12:36]} {[%emt 00:01:36]} 14. Bf1 {[%clk 00:48:21]} {[%emt 00:18:54]} Rfe8
{[%clk 01:08:54]} {[%emt 00:04:11]} 15. Kh1 {[%clk 00:48:11]} {[%emt 00:00:40]}
Qb8 {[%clk 01:06:46]} {[%emt 00:02:38]} 16. b4 {[%clk 00:39:20]} {[%emt
00:09:21]} h5 {[%clk 00:59:37]} {[%emt 00:07:39]} 17. b5 {[%clk 00:23:27]}
{[%emt 00:16:24]} h4 {[%clk 00:52:51]} {[%emt 00:07:15]} 18. bxa6 {[%clk
00:21:03]} {[%emt 00:02:55]} Bxa6 {[%clk 00:53:06]} {[%emt 00:00:14]} 19. Ndb5
{[%clk 00:21:29]} {[%emt 00:00:04]} Ne5 {[%clk 00:46:54]} {[%emt 00:06:42]} 20.
Na4 {[%clk 00:16:05]} {[%emt 00:05:55]} h3 {[%clk 00:45:12]} {[%emt 00:02:11]}
21. Nxb6 {[%clk 00:16:27]} {[%emt 00:00:09]} hxg2+ {[%clk 00:43:35]} {[%emt
00:02:06]} 22. Bxg2 {[%clk 00:11:39]} {[%emt 00:05:18]} Nxc4 {[%clk 00:41:12]}
{[%emt 00:02:53]} 23. Rxc4 {[%clk 00:11:50]} {[%emt 00:00:19]} Rxc4 {[%clk
00:41:37]} {[%emt 00:00:04]} 24. Nxc4 {[%clk 00:12:15]} {[%emt 00:00:05]} Bxb5
{[%clk 00:41:35]} {[%emt 00:00:32]} 25. Rb1 {[%clk 00:03:18]} {[%emt 00:09:29]}
Qc7 {[%clk 00:39:38]} {[%emt 00:02:27]} 26. Nb6 {[%clk 00:03:07]} {[%emt
00:00:41]} Ba6 {[%clk 00:38:44]} {[%emt 00:01:24]} 27. a4 {[%clk 00:02:59]}
{[%emt 00:00:38]} d5 {[%clk 00:34:52]} {[%emt 00:04:22]} 28. exd5 {[%clk
00:03:23]} {[%emt 00:00:06]} Nxd5 {[%clk 00:34:19]} {[%emt 00:01:02]} 29. Nxd5
{[%clk 00:03:43]} {[%emt 00:00:10]} exd5 {[%clk 00:34:47]} {[%emt 00:00:03]} 30.
Qxd5 {[%clk 00:03:18]} {[%emt 00:00:54]} Rd8 {[%clk 00:34:57]} {[%emt
00:00:20]} 31. Qa2 {[%clk 00:02:27]} {[%emt 00:01:20]} Rd3 {[%clk 00:33:56]}
{[%emt 00:01:32]} 32. Qf2 {[%clk 00:01:53]} {[%emt 00:01:03]} Qc3 {[%clk
00:27:26]} {[%emt 00:07:01]} 33. Bf4 {[%clk 00:01:06]} {[%emt 00:01:18]} Qc4
{[%clk 00:25:02]} {[%emt 00:02:53]} 34. Qe1 {[%clk 00:00:50]} {[%emt 00:00:46]}
Qxa4 {[%clk 00:21:32]} {[%emt 00:04:00]} 35. Bg3 {[%clk 00:00:55]} {[%emt
00:00:24]} Qd7 {[%clk 00:16:37]} {[%emt 00:05:26]} 36. f4 {[%clk 00:00:44]}
{[%emt 00:00:41]} Bf8 {[%clk 00:14:53]} {[%emt 00:02:15]} 37. Qe4 {[%clk
00:00:36]} {[%emt 00:00:36]} Rd2 {[%clk 00:15:07]} {[%emt 00:00:17]} 38. Qe3
{[%clk 00:00:40]} {[%emt 00:00:25]} Re2 {[%clk 00:11:55]} {[%emt 00:03:43]} 39.
Qf3 {[%clk 00:00:55]} {[%emt 00:00:14]} Bc4 {[%clk 00:12:01]} {[%emt 00:00:25]}
40. Qb7 {[%clk 00:00:36]} {[%emt 00:00:49]} Qd3 {[%clk 00:10:26]} {[%emt
00:02:04]} 41. Bc6 {[%clk 00:25:36]} {[%emt 00:05:30]} g6 {[%clk 00:27:55]}
{[%emt 00:13:02]} 42. Ra1 {[%clk 00:18:48]} {[%emt 00:07:19]} Bg7 {[%clk
00:22:10]} {[%emt 00:06:14]} 43. Qc8+ {[%clk 00:10:41]} {[%emt 00:08:38]} Kh7
{[%clk 00:22:19]} {[%emt 00:00:20]} 44. Qh3+ {[%clk 00:10:52]} {[%emt
00:00:18]} Bh6 {[%clk 00:22:37]} {[%emt 00:00:13]} 45. Qf1 {[%clk 00:10:39]}
{[%emt 00:00:43]} Ra2 {[%clk 00:04:11]} {[%emt 00:18:56]} 46. Qd1 {[%clk
00:09:39]} {[%emt 00:01:30]} Bb5 {[%clk 00:01:20]} {[%emt 00:03:22]} 47. Bg2
{[%clk 00:02:59]} {[%emt 00:07:09]} Rd2 {[%clk 00:00:36]} {[%emt 00:01:14]} 48.
Qf1 {[%clk 00:01:40]} {[%emt 00:01:49]} Qc3 {[%clk 00:00:46]} {[%emt 00:00:20]}
49. Qc1 {[%clk 00:02:04]} {[%emt 00:00:06]} Qd4 {[%clk 00:00:49]} {[%emt
00:00:26]} 50. Qg1 {[%clk 00:02:18]} {[%emt 00:00:16]} Qc4 {[%clk 00:00:40]}
{[%emt 00:00:39]} 51. Qf1 {[%clk 00:02:17]} {[%emt 00:00:31]} Qb3 {[%clk
00:00:34]} {[%emt 00:00:36]} 52. Qb1 {[%clk 00:02:23]} {[%emt 00:00:25]} Rb2
{[%clk 00:00:35]} {[%emt 00:00:29]} 53. Qd1 {[%clk 00:02:46]} {[%emt 00:00:07]}
Qe6 {[%clk 00:00:39]} {[%emt 00:00:25]} 54. Qd5 {[%clk 00:02:07]} {[%emt
00:01:10]} Qf6 {[%clk 00:00:41]} {[%emt 00:00:28]} 55. Qe5 {[%clk 00:02:29]}
{[%emt 00:00:08]} Bg7 {[%clk 00:01:03]} {[%emt 00:00:08]} 56. Qxf6 {[%clk
00:02:54]} {[%emt 00:00:05]} Bxf6 {[%clk 00:01:31]} {[%emt 00:00:03]} 57. Rc1
{[%clk 00:02:56]} {[%emt 00:00:28]} Bd4 {[%clk 00:01:42]} {[%emt 00:00:18]} 58.
Bd5 {[%clk 00:01:59]} {[%emt 00:01:27]} Rd2 {[%clk 00:01:13]} {[%emt 00:00:59]}
59. Be1 {[%clk 00:01:01]} {[%emt 00:01:28]} Rd3 {[%clk 00:01:05]} {[%emt
00:00:38]} 60. Be4 {[%clk 00:01:20]} {[%emt 00:00:10]} Re3 {[%clk 00:01:18]}
{[%emt 00:00:17]} 61. Bd5 {[%clk 00:01:48]} {[%emt 00:00:03]} Re2 {[%clk
00:00:57]} {[%emt 00:00:51]} 62. Bc3 {[%clk 00:01:31]} {[%emt 00:00:46]} Be3
{[%clk 00:00:34]} {[%emt 00:00:53]} 63. Re1 {[%clk 00:01:47]} {[%emt 00:00:14]}
Rxe1+ {[%clk 00:00:34]} {[%emt 00:00:31]} 64. Bxe1 {[%clk 00:02:16]} {[%emt
00:00:01]} Kg7 {[%clk 00:01:02]} {[%emt 00:00:02]} 65. Bg3 {[%clk 00:02:06]}
{[%emt 00:00:39]} Bf1 {[%clk 00:01:16]} {[%emt 00:00:16]} 66. Bg2 {[%clk
00:02:12]} {[%emt 00:00:23]} Bd3 {[%clk 00:01:00]} {[%emt 00:00:47]} 67. Bd5
{[%clk 00:01:57]} {[%emt 00:00:46]} f5 {[%clk 00:00:35]} {[%emt 00:00:55]} 68.
Kg2 {[%clk 00:02:24]} {[%emt 00:00:03]} Be4+ {[%clk 00:01:01]} {[%emt
00:00:04]} 69. Bxe4 {[%clk 00:02:51]} {[%emt 00:00:03]} fxe4 {[%clk 00:01:30]}
{[%emt 00:00:01]} 70. Kh3 {[%clk 00:02:25]} {[%emt 00:00:56]} Kf6 {[%clk
00:01:51]} {[%emt 00:00:08]} 71. Kg4 {[%clk 00:02:54]} Bg1 {[%clk 00:00:37]}
{[%emt 00:01:45]} 72. h3 {[%clk 00:03:06]} {[%emt 00:00:17]} Ke6 {[%clk
00:00:52]} {[%emt 00:00:16]} 73. Be1 {[%clk 00:02:39]} {[%emt 00:00:56]} Be3
{[%clk 00:00:34]} {[%emt 00:00:48]} 74. Bh4 {[%clk 00:01:19]} {[%emt 00:01:50]}
Bd2 {[%clk 00:00:50]} {[%emt 00:00:15]} 75. Bg3 {[%clk 00:01:37]} {[%emt
00:00:11]} Bb4 {[%clk 00:00:48]} {[%emt 00:00:32]} 76. Bf2 {[%clk 00:01:18]}
{[%emt 00:00:48]} Be7 {[%clk 00:01:13]} {[%emt 00:00:07]} 77. Bg1 {[%clk
00:00:44]} {[%emt 00:01:04]} Bd8 {[%clk 00:00:57]} {[%emt 00:00:45]} 78. Bf2
{[%clk 00:01:10]} {[%emt 00:00:04]} Bf6 {[%clk 00:00:35]} {[%emt 00:00:52]} 79.
Be3 {[%clk 00:01:36]} {[%emt 00:00:04]} Be7 {[%clk 00:00:37]} {[%emt 00:00:29]}
80. Bf2 {[%clk 00:01:56]} {[%emt 00:00:10]} Bd8 {[%clk 00:00:36]} {[%emt
00:00:31]} 81. Bg1 {[%clk 00:02:17]} {[%emt 00:00:08]} Ke5 {[%emt 00:00:41]}
1/2-1/2

[Event "Biel Chess Festival Master Tournament"]
[Site "Biel/Bienne, Switzerland"]
[Date "2019.07.30"]
[Round "8.16"]
[White "Rahul, Srivatshav P"]
[Black "Mastrovasilis, Athanasios"]
[Result "1/2-1/2"]
[WhiteElo "2414"]
[BlackElo "2534"]

1. Nf3 {[%clk 01:21:28]} {[%emt 00:09:31]} Nf6 {[%clk 01:29:21]} {[%emt
00:01:37]} 2. c4 {[%clk 01:21:51]} {[%emt 00:00:10]} e6 {[%clk 01:28:24]}
{[%emt 00:01:27]} 3. g3 {[%clk 01:22:12]} {[%emt 00:00:09]} d5 {[%clk
01:28:21]} {[%emt 00:00:32]} 4. Bg2 {[%clk 01:22:35]} {[%emt 00:00:07]} dxc4
{[%clk 01:24:10]} {[%emt 00:04:42]} 5. Qa4+ {[%clk 01:21:34]} {[%emt 00:01:31]}
Nbd7 {[%clk 01:19:55]} {[%emt 00:04:45]} 6. Qxc4 {[%clk 01:21:30]} {[%emt
00:00:34]} c5 {[%clk 01:20:15]} {[%emt 00:00:09]} 7. O-O {[%clk 01:19:17]}
{[%emt 00:02:43]} b6 {[%clk 01:14:48]} {[%emt 00:05:57]} 8. Nc3 {[%clk
01:07:41]} {[%emt 00:12:05]} Bb7 {[%clk 01:12:01]} {[%emt 00:03:17]} 9. Rd1
{[%clk 01:00:33]} {[%emt 00:07:39]} a6 {[%clk 01:07:31]} {[%emt 00:05:00]} 10.
a4 {[%clk 00:58:31]} {[%emt 00:02:32]} Rc8 {[%clk 00:58:06]} {[%emt 00:09:55]}
11. b3 {[%clk 00:54:40]} {[%emt 00:04:21]} Be7 {[%clk 00:53:46]} {[%emt
00:04:50]} 12. Bb2 {[%clk 00:42:42]} {[%emt 00:12:29]} O-O {[%clk 00:50:45]}
{[%emt 00:03:30]} 13. e4 {[%clk 00:38:24]} {[%emt 00:04:48]} Ng4 {[%clk
00:36:11]} {[%emt 00:15:04]} 14. Ne2 {[%clk 00:33:03]} {[%emt 00:05:50]} Bf6
{[%clk 00:32:31]} {[%emt 00:04:11]} 15. Bxf6 {[%clk 00:17:24]} {[%emt
00:16:09]} Qxf6 {[%clk 00:30:15]} {[%emt 00:02:46]} 16. Nf4 {[%clk 00:16:38]}
{[%emt 00:01:16]} Nde5 {[%clk 00:23:00]} {[%emt 00:07:45]} 17. Qc3 {[%clk
00:16:45]} {[%emt 00:00:23]} Nxf3+ {[%clk 00:15:22]} {[%emt 00:08:07]} 18. Bxf3
{[%clk 00:15:10]} {[%emt 00:02:06]} Ne5 {[%clk 00:15:44]} {[%emt 00:00:08]} 19.
Bg2 {[%clk 00:15:11]} {[%emt 00:00:29]} Rfd8 {[%clk 00:15:07]} {[%emt
00:01:08]} 20. b4 {[%clk 00:10:04]} {[%emt 00:05:37]} c4 {[%clk 00:11:37]}
{[%emt 00:03:59]} 21. Qe3 {[%clk 00:08:04]} {[%emt 00:02:30]} Rd6 {[%clk
00:10:55]} {[%emt 00:01:11]} 22. Rac1 {[%clk 00:07:51]} {[%emt 00:00:44]} Qd8
{[%clk 00:11:05]} {[%emt 00:00:19]} 23. h4 {[%clk 00:05:56]} {[%emt 00:02:26]}
h6 {[%clk 00:10:12]} {[%emt 00:01:23]} 24. Bf1 {[%clk 00:03:12]} {[%emt
00:03:14]} Rd4 {[%clk 00:09:49]} {[%emt 00:00:53]} 25. d3 {[%clk 00:02:21]}
{[%emt 00:01:22]} c3 {[%clk 00:06:42]} {[%emt 00:03:37]} 26. Ne2 {[%clk
00:01:51]} {[%emt 00:01:00]} Rxd3 {[%clk 00:06:00]} {[%emt 00:01:12]} 27. Rxd3
{[%clk 00:02:02]} {[%emt 00:00:19]} Qxd3 {[%clk 00:06:17]} {[%emt 00:00:12]} 28.
Rxc3 {[%clk 00:01:36]} {[%emt 00:00:56]} Nf3+ {[%clk 00:05:14]} {[%emt
00:01:32]} 29. Kg2 {[%clk 00:01:49]} {[%emt 00:00:17]} Ne1+ {[%clk 00:04:12]}
{[%emt 00:01:32]} 30. Kg1 {[%clk 00:02:15]} {[%emt 00:00:04]} Qxe3 {[%clk
00:03:46]} {[%emt 00:00:57]} 31. fxe3 {[%clk 00:02:01]} {[%emt 00:00:45]} Nc2
{[%clk 00:03:47]} {[%emt 00:00:28]} 32. b5 {[%clk 00:01:42]} {[%emt 00:00:49]}
axb5 {[%clk 00:03:18]} {[%emt 00:00:59]} 33. axb5 {[%clk 00:02:04]} {[%emt
00:00:09]} Rxc3 {[%clk 00:03:23]} {[%emt 00:00:24]} 34. Nxc3 {[%clk 00:02:28]}
{[%emt 00:00:06]} Nxe3 {[%clk 00:03:50]} {[%emt 00:00:03]} 35. Be2 {[%clk
00:01:30]} {[%emt 00:01:28]} Nc2 {[%clk 00:03:58]} {[%emt 00:00:21]} 36. Kf2
{[%clk 00:01:24]} {[%emt 00:00:37]} Nd4 {[%clk 00:03:39]} {[%emt 00:00:48]} 37.
Ke3 {[%clk 00:00:36]} {[%emt 00:01:19]} e5 {[%clk 00:03:04]} {[%emt 00:01:06]}
38. Na4 {[%clk 00:00:39]} {[%emt 00:00:27]} Nxe2 {[%clk 00:01:07]} {[%emt
00:02:27]} 39. Kxe2 {[%clk 00:01:04]} {[%emt 00:00:05]} Bxe4 {[%clk 00:01:33]}
{[%emt 00:00:03]} 40. Nxb6 {[%clk 00:01:29]} {[%emt 00:00:05]} Kf8 {[%clk
00:00:48]} {[%emt 00:01:14]} 41. Nd7+ {[%clk 00:25:55]} {[%emt 00:06:04]} Ke7
{[%clk 00:31:07]} {[%emt 00:00:11]} 42. Nxe5 {[%clk 00:22:49]} {[%emt
00:03:37]} Ke6 {[%clk 00:30:39]} {[%emt 00:00:57]} 43. Nc4 {[%clk 00:21:52]}
{[%emt 00:01:28]} Kd5 {[%clk 00:29:21]} {[%emt 00:01:47]} 44. Ke3 {[%clk
00:20:08]} {[%emt 00:02:15]} Bg2 {[%clk 00:22:54]} {[%emt 00:06:54]} 45. Nd2
{[%clk 00:18:32]} {[%emt 00:02:09]} Ke5 {[%emt 00:08:43]} 46. Ke4+ 1/2-1/2

[Event "Biel Chess Festival Master Tournament"]
[Site "Biel/Bienne, Switzerland"]
[Date "2019.07.31"]
[Round "9.12"]
[White "Mastrovasilis, Athanasios"]
[Black "Gukesh, D"]
[Result "1-0"]
[WhiteElo "2534"]
[BlackElo "2520"]

1. d4 {[%clk 01:28:53]} {[%emt 00:01:58]} Nf6 {[%clk 01:30:20]} {[%emt
00:00:40]} 2. Nf3 {[%clk 01:28:39]} {[%emt 00:00:44]} e6 {[%clk 01:28:45]}
{[%emt 00:02:06]} 3. c4 {[%clk 01:24:23]} {[%emt 00:04:45]} b6 {[%clk
01:24:34]} {[%emt 00:04:41]} 4. Nc3 {[%clk 01:22:10]} {[%emt 00:02:44]} Bb7
{[%clk 01:24:52]} {[%emt 00:00:12]} 5. Bg5 {[%clk 01:16:29]} {[%emt 00:06:10]}
h6 {[%clk 01:14:17]} {[%emt 00:11:06]} 6. Bh4 {[%clk 01:06:38]} {[%emt
00:10:20]} Be7 {[%clk 00:56:02]} {[%emt 00:18:45]} 7. Qc2 {[%clk 00:52:32]}
{[%emt 00:14:36]} c5 {[%clk 00:40:30]} {[%emt 00:16:02]} 8. dxc5 {[%clk
00:37:52]} {[%emt 00:15:11]} bxc5 {[%clk 00:39:33]} {[%emt 00:01:27]} 9. e3
{[%clk 00:37:22]} {[%emt 00:00:59]} O-O {[%clk 00:38:55]} {[%emt 00:01:08]} 10.
Be2 {[%clk 00:37:10]} {[%emt 00:00:43]} Nh5 {[%clk 00:37:24]} {[%emt 00:02:01]}
11. Bxe7 {[%clk 00:36:02]} {[%emt 00:01:37]} Qxe7 {[%clk 00:37:52]} {[%emt
00:00:03]} 12. g4 {[%clk 00:28:41]} {[%emt 00:07:50]} Nf6 {[%clk 00:35:43]}
{[%emt 00:02:40]} 13. Rg1 {[%clk 00:25:54]} {[%emt 00:03:17]} d5 {[%clk
00:25:01]} {[%emt 00:11:13]} 14. cxd5 {[%clk 00:12:00]} {[%emt 00:14:23]} exd5
{[%clk 00:23:40]} {[%emt 00:01:51]} 15. Qf5 {[%clk 00:10:59]} {[%emt 00:01:31]}
Qe6 {[%clk 00:14:00]} {[%emt 00:10:10]} 16. Nh4 {[%clk 00:09:25]} {[%emt
00:02:03]} g5 {[%clk 00:11:42]} {[%emt 00:02:49]} 17. Qxe6 {[%clk 00:08:31]}
{[%emt 00:01:24]} fxe6 {[%clk 00:11:25]} {[%emt 00:00:47]} 18. Ng6 {[%clk
00:08:55]} {[%emt 00:00:05]} Rd8 {[%clk 00:11:00]} {[%emt 00:00:55]} 19. Nb5
{[%clk 00:07:49]} {[%emt 00:01:36]} Nc6 {[%clk 00:07:04]} {[%emt 00:04:26]} 20.
Nc7 {[%clk 00:05:38]} {[%emt 00:02:42]} Kf7 {[%clk 00:04:34]} {[%emt 00:03:01]}
21. Nxa8 {[%clk 00:05:40]} {[%emt 00:00:28]} Bxa8 {[%clk 00:03:47]} {[%emt
00:01:16]} 22. Bd3 {[%clk 00:05:48]} {[%emt 00:00:21]} Ne4 {[%clk 00:01:05]}
{[%emt 00:03:13]} 23. f3 {[%clk 00:05:27]} {[%emt 00:00:51]} c4 {[%clk
00:01:21]} {[%emt 00:00:14]} 24. Bc2 {[%clk 00:05:04]} {[%emt 00:00:53]} Nc5
{[%clk 00:00:55]} {[%emt 00:00:56]} 25. f4 {[%clk 00:04:31]} {[%emt 00:01:03]}
d4 {[%clk 00:00:42]} {[%emt 00:00:44]} 26. exd4 {[%clk 00:04:32]} {[%emt
00:00:28]} Nxd4 {[%clk 00:00:46]} {[%emt 00:00:26]} 27. O-O-O {[%clk 00:03:40]}
{[%emt 00:01:22]} gxf4 {[%clk 00:00:35]} {[%emt 00:00:40]} 28. Nxf4 {[%clk
00:02:40]} {[%emt 00:01:30]} e5 {[%clk 00:00:34]} {[%emt 00:00:32]} 29. Ng6
{[%clk 00:02:37]} {[%emt 00:00:32]} Rd5 {[%clk 00:00:34]} {[%emt 00:00:32]} 30.
Nxe5+ {[%clk 00:02:35]} {[%emt 00:00:31]} Ke6 {[%clk 00:00:44]} {[%emt
00:00:20]} 31. Ng6 {[%clk 00:01:58]} {[%emt 00:01:07]} Ne2+ {[%clk 00:00:49]}
{[%emt 00:00:25]} 32. Kb1 {[%clk 00:02:27]} Nd3 {[%clk 00:00:58]} {[%emt
00:00:22]} 33. Rge1 {[%clk 00:02:06]} {[%emt 00:00:49]} Nxe1 {[%clk 00:00:41]}
{[%emt 00:00:48]} 34. Rxe1 {[%clk 00:02:35]} Rd2 {[%clk 00:00:50]} {[%emt
00:00:21]} 35. Rxe2+ {[%clk 00:02:57]} {[%emt 00:00:08]} 1-0